Millet Production, Processing and Value-Added Products Handbook/ (Record no. 203919)

MARC details
000 -LEADER
fixed length control field 00669nam a22001817a 4500
005 - DATE AND TIME OF LATEST TRANSACTION
control field 20240703162307.0
010 ## - LCCN (DPL NO)
LC control number ENG-140741
020 ## - INTERNATIONAL STANDARD BOOK NUMBER
Terms of availability 2495.00
International Standard Book Number 9788196915346
035 ## - SYSTEM CONTROL NUMBER
System control number EN-124273
037 ## - SOURCE OF ACQUISITION
Source of stock number/acquisition DBAD
082 ## - DEWEY DECIMAL CLASSIFICATION NUMBER
Classification number 633.1
100 ## - MAIN ENTRY--PERSONAL NAME
Personal name Chattopadhyay, P. K.
245 ## - TITLE STATEMENT
Title Millet Production, Processing and Value-Added Products Handbook/
Statement of responsibility, etc P. K. Chattopadhyay
260 ## - PUBLICATION, DISTRIBUTION, ETC. (IMPRINT)
Place of publication, distribution, etc Delhi
Name of publisher, distributor, etc Niir Project Consultancy Services
Date of publication, distribution, etc 2019
270 ## - ADDRESS
City Delhi
Address 106-E, Opp. Spark Mall, Kamla Nagar
Postal code 110007
Telephone number 01123842955
-- 01123845886
-- 08800733955
Electronic mail address npcs.india@gmail.com
-- info@niir.org
300 ## - PHYSICAL DESCRIPTION
Extent xxvi, 510p.
Dimensions 21cm (pb)
942 ## - ADDED ENTRY ELEMENTS (KOHA)
Source of classification or shelving scheme Dewey Decimal Classification
Item type English Books
Classification part 633.1
Call number suffix CHA
Holdings
Withdrawn status Lost status Not for loan Collection code Home library Current library Date acquired Source of acquisition Cost, normal purchase price Full call number Barcode Copy number Cost, replacement price Koha item type
      Non-fiction Central Library Central Library 03/07/2024 DBAD 2495.00 633.1 CHA EN-124273 1 2495.00 English Books

© Delhi Public Library
Hit Counter
free hit counter